Archeologický výzkum hradiště Na Jánu v Netolicích a budování archeoparku
| Titel: | Archeologický výzkum hradiště Na Jánu v Netolicích a budování archeoparku : Přehled problematiky a současný stav |
|---|---|
| Verfasser: | |
| In: |
Zlatá stezka, Band 15 (2008), Seite 175-192 alle Artikel anzeigen |
| Veröffentlicht: | 2008 |
| Format: | Aufsatz |
| Sprache: | Tschechisch |
X
alg: 39302736 001A $01999:11-11-16 001B $01999:28-04-17 $t15:29:05.000 001C $06050:19-11-16 $t22:36:43.000 001D $01999:11-11-16 001U $0utf8 001X $00 002@ $0Aox 003@ $0393027368 007A $0393027368 $aHEB 007T $0Herdpp149255 010@ $acze 011@ $a2008 021A $aArcheologický výzkum hradiště Na Jánu v Netolicích a budování archeoparku $dPřehled problematiky a současný stav 028A $aBeneš $dJaromír 031A $d15 $h175-192 $j2008 039B $aIn $8--Abvc--. Zlatá stezka. - Prachatice, 1994- $x200800000150000825 $9070440182 045T $a7,41 lok: 39302736 78 exp: 39302736 78 1 #EPN 201B/01 $026-11-17 $t01:30:25.000 201U/01 $0utf8 203@/01 $0789137674 208@/01 $a11-11-16 $be 209A/01 $a/ $f000 $x00 220C/01 $aHerkunft: Hú Av Čr Praha 244Z/01 $#Tschechien $#Tschechische Republik $#Tschechische Republik $#Tschechenland $#Tschechei Tschechien $#Česká Republika $#Czech Republic $#ČR $74303381-7 $8--Tg1--Tschechien $x01 $9086659812 244Z/01 $2Trx $#Böhmen $#Bohemia $#Czechy $8--Trx--Čechy $x02 $9391188941 244Z/01 $2Trx $#Netolitz Prachatitz $8--Trx--Netolice$gPrachatice $x03 $9391320653 244Z/01 $2Trx $#linnusevallid $#piliavietės $#hill forts $#várfalak $#grodziska $#hradiská $#hradiště $#strongholds $#hillforts $8--Trx--Burgwälle $x04 $9391355589 244Z/01 $2Trx $#arheoloogia uurimused $#archeologiniai tyrimai $#archaeology research $#régészet vizsgálatok $#archeologia, badania $#archeológia, výskumy $#archeologie, výzkumy $8--Trx--Archäologie$gUntersuchungen $x05 $9391380192 244Z/01 $aarcheoparky $x06 244Z/01 $2Trx $8--Trx--Zeitschriftenaufsatz $x07 $9391384341 247C/01 $82080>Marburg/Lahn, Herder-Institut, Forschungsbibliothek, Bibliographieportal $9336309341
| LEADER | 00000caa a22000002c 4500 | ||
|---|---|---|---|
| 001 | 393027368 | ||
| 003 | DE-603 | ||
| 005 | 20170428152905.0 | ||
| 007 | tu | ||
| 008 | 161111s2008 xx |||| | u00||u|cze c | ||
| 035 | |a (DE-599)HEB393027368 | ||
| 040 | |a DE-603 |b ger |c DE-603 |d DE-603 | ||
| 041 | |a cze | ||
| 084 | |a 7,41 |2 ssgn | ||
| 100 | 1 | |a Beneš, Jaromír | |
| 245 | 0 | 0 | |a Archeologický výzkum hradiště Na Jánu v Netolicích a budování archeoparku |b Přehled problematiky a současný stav |
| 264 | 0 | |c 2008 | |
| 773 | 0 | 8 | |i In |t Zlatá stezka |d Prachatice, 1994- |g Band 15 (2008), Seite 175-192 |w (DE-603)070440182 |w (DE-600)1344104-8 |
| 924 | 0 | |9 2080 |a (DE-603)789137674 |b DE-2080 |c HES |d d |g / | |


